[Event "WGM Cvijet Mediterana 2019"]
[Site "Rijeka"]
[Date "2019.03.03"]
[Round "1.1"]
[White "Medic, Mirjana"]
[Black "Cvitan, Ena"]
[Result "1/2-1/2"]
[WhiteElo "2207"]
[BlackElo "2203"]
[Annotator "NA"]
[PlyCount "20"]
[EventDate "2019.03.03"]
[EventType "tourn"]
[EventCountry "CRO"]
[SourceTitle "playchess.com"]
[Source "ChessBase"]
[SourceQuality "1"]
[TimeControl "5400+30"]

1. d4 {[%emt 0:00:30]} d5 {[%emt 0:00:30]} 2. c4 {[%emt 0:00:00]} e6 {[%emt 0:00:00]} 3. Nc3 {[%emt 0:00:00]} Nf6 {[%emt 0:00:00]} 4. Bg5 {[%emt 0:00:00]} Be7 {[%emt 0:00:00]} 5. cxd5 {[%emt 0:00:00]} exd5 {[%emt 0:00:00]} 6. Qc2 {[%emt 0:00:30]} c6 {[%emt 0:00:30]} 7. e3 {[%emt 0:00:30]} O-O {[%emt 0:00:30]} 8. Nf3 {[%emt 0:00:00]} h6 {[%emt 0:00:30]} 9. Bh4 {[%emt 0:00:00]} Nh5 {[%emt 0:00:30]} 10. Bxe7 {[%emt 0:00:30]} Qxe7 {[%emt 0:00:30]} 1/2-1/2

[Event "WGM Cvijet Mediterana 2019"]
[Site "Rijeka"]
[Date "2019.03.03"]
[Round "1.2"]
[White "Hrescak, Ivana"]
[Black "Babiy, Olga"]
[Result "1-0"]
[WhiteElo "2128"]
[BlackElo "2305"]
[Annotator "TA"]
[PlyCount "115"]
[EventDate "2019.03.03"]
[EventType "tourn"]
[EventCountry "CRO"]
[SourceTitle "playchess.com"]
[Source "ChessBase"]
[SourceQuality "1"]

{[%evp 13,115,0,-9,0,0,0,6,-22,-31,-35,-18,-24,-17,-38,0,0,0,0,0,0,0,0,0,0,31,31,41,25,31,31,32,41,67,0,0,-27,-23,-33,-31,-35,-25,-66,-21,-50,-50,-76,-18,-51,-18,-83,-33,-39,-18,-27,0,-27,0,-11,0,-63,0,-48,-18,-27,0,-49,0,-56,71,91,254,248,245,250,174,4,8,-305,-335,-310,-113,-90,0,0,0,-14,-124,-81,302,301,607,614,618,597,599,604,579,580,29985,29986,29984,29975,29981,29981]} 1. d4 Nf6 2. c4 e6 3. Nc3 Bb4 4. e3 O-O 5. Nge2 Re8 6. a3 Bf8 7. d5 a5 8. g3 {E46: Nimzo-Indian: Rubinstein: 4 e3 0-0 5 Ne2 without early Bd3} (8. Ng3 Na6 9. Be2 Nc5 10. b3 exd5 11. cxd5 a4 12. b4 Nb3 13. Rb1 c5 14. b5 Nxc1 15. Qxc1 d6 {0-1 (42) Tregubov,P (2592)-Saric,I (2695) St Petersburg 2018}) 8... Na6 {[%cal Bb8a6,Ba6c5,Bc5d3][%mdl 32]} 9. Bg2 Nc5 10. b3 {The position is equal.} exd5 11. cxd5 b6 $1 12. O-O Ba6 13. Ra2 Nd3 14. h3 $146 ({Predecessor:} 14. Rd2 Nxc1 15. Qxc1 Bc5 {1-0 (47) Poghosyan,S (2301)-Gharibyan,M (2341) Yerevan 2018}) 14... Rc8 15. Rd2 Nxc1 16. Qxc1 Bc5 17. Rfd1 Qe7 18. Ra2 g6 19. Nd4 Bd6 20. Ncb5 Be5 21. Rc2 Bxd4 22. Nxd4 Qd6 23. Qb2 (23. b4 $14) 23... Ne4 $11 24. Bxe4 Rxe4 25. Ne2 c5 26. Nf4 Rce8 27. Qc1 a4 28. bxa4 Rxa4 29. Qb2 Ra8 ({Black should try} 29... Bc4 $17 30. Rc3 b5) 30. Rc3 b5 31. Qc1 (31. Rb3 $11) 31... c4 32. Qb2 $1 Qf6 33. Rd4 Qd6 34. Rd1 Qb6 35. Rb1 Qc5 36. Kh2 (36. e4 $11) 36... Qd6 (36... d6 $15) 37. Kg1 Rb8 {Hoping for ...b4.} 38. Qc1 f6 39. Kh2 Kf7 40. Kg1 (40. e4 $11) 40... g5 (40... Re8 $15 {keeps the upper hand.}) 41. Nh5 $1 $16 Qxd5 $2 (41... Qe5 $16) 42. Qc2 $18 f5 {...Bb7 is the strong threat.} 43. Rd1 Qe6 {[#]} 44. g4 $2 ({White should play} 44. e4 $1 $18 {[%cal Re4f5][%mdl 512]} Bb7 (44... Qxe4 45. Rxd7+) 45. exf5) 44... Bb7 $36 {[%mdl 2048] Black has the initiative.} 45. Qxf5+ $2 {[%mdl 8192]} (45. gxf5 $11 {and White has nothing to worry.} Qe4 46. Qxe4 (46. Rxd7+ Kf8 $14) 46... Bxe4 47. Rxd7+ Kf8 48. Nf6 (48. Rxh7 Rba8 $11) 48... Bxf5 {[%mdl 64] Double Attack} 49. e4 (49. Nxh7+ Bxh7 50. Rxh7 Rba8 $11)) 45... Qxf5 $19 46. gxf5 d5 $2 (46... Bc6 $19 {is more deadly. aiming for ...Rba8.} 47. Ng3 Rba8) 47. e4 $17 Rd8 ({Better is} 47... Rba8 $17 48. f4 Rxa3 49. Rxa3 Rxa3 50. fxg5 b4) 48. e5 d4 49. e6+ Ke7 50. Rg3 {[#] And now Re1 would win.} c3 $2 {[%mdl 8192] [#]} (50... Be4 $1 $17 {and life is bright. Threatens to win with ...c3.} 51. Rxg5 c3 52. Rg7+ Kd6) 51. Re1 $1 $18 Be4 $2 ({Of course not} 51... Rxa3 52. f6+ Kd6 53. e7 $18) (51... Rf8) 52. Rxe4 c2 53. f6+ Kd6 54. Re1 Rc8 55. e7 {Strongly threatening f7.} Rac4 56. f7 {White mates.} c1=Q 57. e8=Q Rxe8 58. fxe8=Q {Accuracy: White = 44%, Black = 31%.} 1-0

[Event "WGM Cvijet Mediterana 2019"]
[Site "Rijeka"]
[Date "2019.03.03"]
[Round "1.3"]
[White "Vujnovic, Patricija"]
[Black "Tomilova, Elena"]
[Result "1/2-1/2"]
[WhiteElo "2056"]
[BlackElo "2300"]
[Annotator "TA"]
[PlyCount "113"]
[EventDate "2019.03.03"]
[EventType "tourn"]
[EventCountry "CRO"]
[SourceTitle "playchess.com"]
[Source "ChessBase"]
[SourceQuality "1"]

{[%evp 13,113,9,21,3,46,38,44,19,36,6,37,49,37,45,35,24,44,27,40,32,34,30,40,0,0,0,0,0,0,0,0,0,0,-20,0,0,0,0,0,0,0,0,0,0,0,0,19,19,19,19,25,25,25,25,26,0,0,0,0,0,181,210,493,0,0,-145,-145,-145,1405,-145,-145,-145,-145,-145,-145,-145,-145,-29969,-29969,-29972,-29973,-29968,-29973,-29966,-145,-145,-145,-145,-145,-145,-145,-137,-137,-123,0,-29973,-29974,-29974,-29975,-29974,-29976,-29977]} 1. d4 Nf6 2. c4 e6 3. Nc3 Bb4 4. e3 d5 5. a3 Bxc3+ 6. bxc3 O-O 7. Bd3 c6 8. Nf3 {E49: Nimzo-Indian: Rubinstein: 5 Bd3 d5 6 a3 Bxc3+ 7 bxc3} (8. Ne2 b6 9. O-O Ba6 10. cxd5 cxd5 11. Bxa6 Nxa6 12. Qd3 Qc8 13. f3 Nb8 14. e4 Qa6 15. Qe3 Nc6 {1-0 (52) Radjabov,T (2741)-Movsesian,S (2671) Heraklio 2017}) 8... Nbd7 9. cxd5 cxd5 10. O-O {White is slightly better.} Qc7 11. Qc2 b6 12. Bb2 Bb7 13. Rfc1 Rfc8 14. Qe2 Qd6 $146 ({Predecessor:} 14... h6 15. Rc2 Bc6 16. a4 Rab8 17. c4 dxc4 18. Rxc4 {0-1 (42) Javierre Conesa,A (1906)-Barranco Mananet,F (1787) Aragon 2017}) 15. c4 dxc4 16. Bxc4 Ne4 17. Ba6 Qd5 18. Bxb7 (18. Bd3 {is interesting.} Qd6 19. Nd2 Nxd2 20. Qxd2 f5 21. f3) 18... Qxb7 19. a4 Rxc1+ 20. Rxc1 Rc8 21. Rxc8+ Qxc8 22. Qd3 Qc6 23. h3 h6 24. Qb3 a5 25. Kf1 Ndf6 26. Kg1 Nd7 27. Kf1 f5 28. Ke2 Kf7 29. g4 Qd5 30. Qxd5 exd5 31. gxf5 $11 {[%mdl 4096] Endgame KBN-KNN} Kf6 32. Nd2 Nxd2 33. Kxd2 Kxf5 {KB-KN} 34. f3 Kg5 35. Ba3 Kh4 36. e4 Kxh3 $2 (36... dxe4 $1 $11 {and Black stays safe.} 37. fxe4 Kxh3) 37. e5 $18 {aiming for Be7.} ({Not} 37. exd5 Nf6 $15) 37... h5 $2 (37... g5 38. Be7 Nb8) 38. Be7 $2 (38. Ke3 $1 $18) 38... Nb8 $1 $11 {[%cal Rb8c6] Hoping for ...Nc6.} 39. Bd6 (39. Ke3 $11 {keeps the balance.} Nc6 40. Bg5) 39... Nc6 $1 $17 40. e6 Kg2 $2 {[%mdl 8192]} (40... h4 $17 41. e7 Nxe7 42. Bxe7 Kg3) 41. Ke3 $2 (41. e7 $1 $18 {[%cal Re7e8]} Nxe7 42. Bxe7 Kxf3 43. Bd8) 41... h4 42. e7 Nxe7 $1 43. Bxe7 {KB-KP} h3 44. Bd6 g5 ({Don't play} 44... h2 $6 45. Bxh2 $1 {[%mdl 512]} Kxh2 46. Kf4 $11) 45. Bc7 $2 {[%mdl 8192]} (45. Ke2 $17) 45... h2 46. Bxh2 Kxh2 {KP-KP} 47. Kf2 Kh3 48. f4 g4 $2 (48... Kg4 {mates} 49. fxg5 Kxg5 50. Kg3 Kf5 51. Kf3 Kg5 52. Kg3 Kf5 53. Kf3 Ke6 54. Ke2 Kd6 55. Kd2 b5 $1 {[%mdl 512]} 56. axb5 Kc7 57. Kc3 Kb6 58. Kc2 Kxb5 59. Kb3 a4+ 60. Kc3 Ka5 61. Kb2 Kb4 62. Ka2 Kc4 63. Ka3 Kxd4 64. Kb4 Ke3 65. Kxa4 d4 66. Kb4 d3 67. Kb3 d2 68. Kc2 Ke2 69. Kc3 d1=Q 70. Kc4 Qd6 71. Kc3 Qc5+ 72. Kb2 Kd3 73. Kb1 Qb4+ 74. Ka1 Kc3 75. Ka2 Qb2#) 49. f5 Kh2 {...g3+ is the strong threat.} 50. f6 {And now f7 would win.} g3+ 51. Ke2 g2 52. f7 g1=Q {( -> ...Qg7)} 53. f8=Q {[#]} Qxd4 (53... Qg2+ $1 $17 54. Ke1 Qe4+ 55. Kf1 Kh3) 54. Qf2+ $2 {[%mdl 8192]} (54. Qh6+ $11 Kg3 55. Qe3+ Qxe3+ 56. Kxe3) 54... Qxf2+ {Black mates.} 55. Kxf2 d4 56. Kf3 Kg1 57. Ke4 {[%mdl 32768] Accuracy: White = 50%, Black = 59%. . An unexpected result.} 1/2-1/2

[Event "WGM Cvijet Mediterana 2019"]
[Site "Rijeka"]
[Date "2019.03.03"]
[Round "1.4"]
[White "Miladinovic, Lena"]
[Black "Djukic, Sandra"]
[Result "1/2-1/2"]
[WhiteElo "2140"]
[BlackElo "2157"]
[Annotator "NA"]
[PlyCount "22"]
[EventDate "2019.03.03"]
[EventType "tourn"]
[EventCountry "CRO"]
[SourceTitle "playchess.com"]
[Source "ChessBase"]
[SourceQuality "1"]
[TimeControl "5400+30"]

1. d4 {[%emt 0:10:30]} d5 {[%emt 0:00:30]} 2. Nf3 {[%emt 0:00:30]} Nf6 {[%emt 0:00:00]} 3. Bf4 {[%emt 0:00:30]} c5 {[%emt 0:00:00]} 4. c3 {[%emt 0:00:00]} cxd4 {[%emt 0:00:00]} 5. cxd4 {[%emt 0:00:00]} Nc6 {[%emt 0:00:00]} 6. Nc3 {[%emt 0:00:30]} Bf5 {[%emt 0:00:30]} 7. e3 {[%emt 0:00:00]} e6 {[%emt 0:00:30]} 8. Bd3 {[%emt 0:00:00]} Bxd3 {[%emt 0:00:00]} 9. Qxd3 {[%emt 0:00:30]} Bd6 {[%emt 0:00:00]} 10. Bxd6 {[%emt 0:00:00]} Qxd6 {[%emt 0:00:30]} 11. O-O {[%emt 0:00:00]} O-O {[%emt 0:00:30]} 1/2-1/2

[Event "WGM Cvijet Mediterana 2019"]
[Site "Rijeka"]
[Date "2019.03.03"]
[Round "1.5"]
[White "Zimina, Olga"]
[Black "Rakhmangulova, Anastasiya"]
[Result "1/2-1/2"]
[WhiteElo "2387"]
[BlackElo "2235"]
[Annotator "TA"]
[PlyCount "97"]
[EventDate "2019.03.03"]
[EventType "tourn"]
[EventCountry "CRO"]
[SourceTitle "playchess.com"]
[Source "ChessBase"]
[SourceQuality "1"]

{[%evp 18,97,47,35,100,74,108,108,111,94,131,76,131,121,162,137,146,133,140,27,108,114,129,126,136,105,132,118,299,162,201,118,117,102,103,42,52,25,47,59,109,110,122,99,105,59,41,36,39,43,31,0,0,0,0,0,0,0,0,0,0,0,0,0,0,0,0,0,0,0,0,0,0,0,0,0,0,0,0,0,0,0]} 1. Nf3 c5 2. c4 Nc6 3. Nc3 g6 4. e3 Bg7 5. d4 cxd4 6. exd4 d6 7. h3 Nf6 8. d5 {A35: Symmetrical English: 2 Nc3 Nc6 3 Nf3} (8. Be2 O-O 9. O-O Bf5 10. Bg5 Ne4 11. Nxe4 Bxe4 12. Be3 Rc8 13. Rc1 d5 14. Ng5 Bf5 15. cxd5 Qxd5 {½-½ (88) Khotenashvili,B (2502)-Dzagnidze,N (2529) Huaian 2016}) 8... Nb8 9. Bd3 O-O 10. O-O {LiveBook: 9 Games. White is slightly better.} Nfd7 (10... e5 $14) 11. Bf4 a5 $146 ({Predecessor:} 11... Ne5 12. Nxe5 dxe5 {1-0 (52) Rodriguez Sorribes,J (2267)-Saez Coma,A (2175) Castell de Tona 2012}) 12. Qd2 Re8 13. Bc2 Nc5 14. b3 (14. Rfe1 $142) 14... Nbd7 ({Black should play} 14... Nba6) 15. Rae1 Nb6 16. Nb5 Bd7 {[#]} 17. Nbd4 $1 a4 18. b4 ({White should try} 18. Bg5 $16) 18... Na6 (18... Nxc4 $11 {remains equal.} 19. Qe2 e5 20. Qxc4 Na6) 19. Bd3 $16 Rc8 20. Rc1 a3 21. Bh6 Bh8 22. Rfe1 Rc7 $2 {[#]} (22... Na4 $16 23. Be3 Bf6) 23. Bf1 (23. Ne6 $142 fxe6 24. dxe6) 23... Qc8 {[%cal Rb6c4]} 24. b5 (24. Qd3 $18) 24... Nc5 25. Qb4 Qa8 26. Rc3 (26. Bg5 $16) 26... Qa4 $1 $14 {[%cal Ra4b4]} 27. Qxa3 Qxa3 28. Rxa3 e5 29. dxe6 Nxe6 30. Nxe6 Bxe6 31. Ng5 Nxc4 32. Bxc4 Rxc4 33. Nxe6 fxe6 34. Rae3 Be5 {The position is equal.} 35. g3 Rb4 36. Kg2 Rxb5 37. f4 Rb2+ 38. Kf3 Bg7 39. Bxg7 Kxg7 40. Rxe6 Rxe6 41. Rxe6 Rxa2 42. Rxd6 $11 {[%mdl 4096] Endgame KR-KR} Ra3+ 43. Kg4 h5+ 44. Kh4 Ra4 45. Rb6 Kh6 46. Rb5 Rc4 47. Rb6 Ra4 48. Rb5 Rc4 49. Rb6 {Precision: White = 30%, Black = 46%.} 1/2-1/2

[Event "WGM Cvijet Mediterana 2019"]
[Site "Rijeka"]
[Date "2019.03.03"]
[Round "2.1"]
[White "Cvitan, Ena"]
[Black "Rakhmangulova, Anastasiya"]
[Result "0-1"]
[WhiteElo "2203"]
[BlackElo "2235"]
[Annotator "TA"]
[PlyCount "126"]
[EventDate "2019.03.03"]
[EventType "tourn"]
[EventCountry "CRO"]
[SourceTitle "playchess.com"]
[Source "ChessBase"]
[SourceQuality "1"]

{[%evp 9,125,67,64,39,89,86,81,67,89,93,89,79,114,112,135,136,143,139,171,177,170,152,149,121,120,128,118,118,133,122,143,131,141,119,138,132,132,114,127,118,152,121,112,113,133,108,142,106,109,112,139,45,50,45,50,43,45,16,16,16,14,0,16,16,23,0,0,3,14,0,21,0,0,0,0,-5,0,-4,0,0,0,0,0,0,0,0,0,0,0,0,0,0,0,0,0,-69,-4,-41,-41,-45,-45,-231,-201,-228,-216,-208,-172,-230,-146,-208,-192,-404,-409,-416,-392,-479,-483,-29999]} 1. d4 c5 2. d5 Nf6 3. Nf3 b5 4. Bg5 Qa5+ 5. c3 Ne4 6. Bf4 {A43: Schmid Benoni} d6 (6... Bb7 7. Qd3 f5 8. g4 c4 9. Qd4 Nf6 10. gxf5 Bxd5 11. Bg2 Nc6 12. Qe3 e6 13. fxe6 dxe6 {0-1 (50) Stefanova,A (2531)-Istratescu,A (2633) Plovdiv 2012}) 7. Nbd2 Nxd2 8. Nxd2 {White is better.} ({Much weaker is} 8. Kxd2 $6 Nd7 $11) 8... Qa4 $146 ({Predecessor:} 8... e5 9. dxe6 Bxe6 10. g3 Nd7 11. Bg2 Rd8 12. Ne4 d5 13. Ng5 Nf6 14. Nxe6 fxe6 {1-0 (59) Vocaturo,D (2410)-Rombaldoni,D (2348) Bratto 2006}) 9. Qxa4 bxa4 10. e4 Ba6 11. Nc4 f6 12. h4 g6 13. h5 Bg7 14. h6 Bf8 15. b3 Rg8 16. Ne3 g5 17. Bg3 Rg6 18. Nf5 Bxf1 19. Rxf1 a3 20. Rb1 Nd7 21. Kd2 Rb8 22. f3 a5 23. Rh1 Kf7 24. Kc2 e5 25. dxe6+ Kxe6 26. Rhd1 {[%cal Rg3d6]} Ne5 27. c4 Nc6 28. Rd2 {[%cal Rg3d6]} Rb6 29. Rbd1 {[%cal Rg3d6]} Ne5 30. Bxe5 ({Better is} 30. Kc3 $16) 30... fxe5 $14 31. g4 Rf6 32. Rd3 Rf7 33. Ng3 Bxh6 34. Rh1 Bf8 35. Rh5 Kf6 36. Nf5 Kg6 37. Rh2 Ra7 38. Rhd2 {[%cal Rf5d6]} Raa6 39. Ne3 a4 40. Nd5 Rb7 41. bxa4 Rxa4 42. Rc3 Kf7 43. Kc1 Ke6 44. Rdc2 Be7 45. Rd3 Bd8 46. Ne3 Be7 47. Nd5 Bf8 48. Ne3 h6 49. Nf5 Rh7 50. Rcc3 h5 51. gxh5 Rxh5 52. Ne3 ({White should try} 52. Rxd6+ $1 $11 Bxd6 53. Ng7+ Kf7 54. Nxh5) 52... Rh2 (52... Rh3 $15 53. Ng4 Rg3) 53. Rd2 Rh3 54. Ng4 Be7 $36 {[%mdl 2048] Black has good play.} 55. Rb3 $2 {[#]} (55. Kc2 $15) 55... Rxc4+ 56. Rc2 Rh1+ 57. Kd2 Ra4 58. Rcc3 (58. Ke2 $142) 58... Ra1 59. Rc2 (59. Rxa3 $17 Rxa2+ 60. Rxa2 Rxa2+ 61. Rc2) 59... Bd8 60. Ne3 $2 {[#]} (60. Ke2) 60... g4 $1 $19 61. Nxg4 Bh4 62. Ne3 Rd4+ 63. Ke2 (63. Rd3 $19 Rh1 64. Rxd4 exd4 65. Nd5) 63... Re1# {Accuracy: White = 41%, Black = 64%.} 0-1

[Event "WGM Cvijet Mediterana 2019"]
[Site "Rijeka"]
[Date "2019.03.03"]
[Round "2.2"]
[White "Djukic, Sandra"]
[Black "Zimina Olga"]
[Result "1/2-1/2"]
[WhiteElo "2157"]
[BlackElo "2387"]
[Annotator "TA"]
[PlyCount "79"]
[EventDate "2019.03.03"]
[EventType "tourn"]
[EventCountry "CRO"]
[SourceTitle "playchess.com"]
[Source "ChessBase"]
[SourceQuality "1"]

{[%evp 15,79,69,62,46,42,33,28,33,40,40,38,41,61,58,72,48,40,31,34,23,40,48,42,22,60,24,44,27,56,69,50,32,98,-12,-5,-13,-23,-16,0,-13,-18,-201,-178,-180,-193,-350,-301,-297,-209,-439,-258,-258,-258,-433,-434,-403,-381,-264,-48,-48,656,110,102,-63,656,0]} 1. d4 d5 2. c4 c6 3. Nf3 Nf6 4. Nbd2 e6 5. e3 Ne4 6. Bd3 {D30: Queen's Gambit Declined: Systems without Nc3} f5 7. Ne5 Qh4 (7... Qf6 8. O-O Nd7 9. Nxd7 Bxd7 10. f3 Ng5 11. Be2 Bd6 12. f4 Ne4 13. Nxe4 dxe4 {½-½ (43) Baranowski,T (2419)-Nekhaev,A (2517) ICCF email 2014}) 8. O-O Bd6 {LiveBook: 3 Games} 9. f4 Nd7 10. Ndf3 Qe7 11. b3 $146 ({Predecessor:} 11. Bd2 Nxd2 12. Qxd2 O-O 13. c5 Nxe5 14. Nxe5 Bxe5 15. fxe5 {½-½ (46) Poeltl,T (2210)-Plank,F (2260) Austria 1999}) 11... Ndf6 12. c5 Bc7 13. b4 Bd7 14. a4 a6 15. Ba3 O-O 16. Qc2 Rfb8 17. Rfb1 h6 18. b5 axb5 19. axb5 g5 20. bxc6 bxc6 21. Bc1 g4 22. Rxb8+ Rxb8 23. Nh4 Be8 ({Black should play} 23... Qd8 $14) 24. g3 (24. Ra7 $16) 24... Bxe5 $11 25. fxe5 Nh7 $1 {[%cal Bf6h7,Bh7g5,Bg5f3][%mdl 32]} 26. Ng2 h5 {[%cal Bh6h5,Bh5h4,Bh4h3][%mdl 32]} 27. Qa4 Nhg5 {aiming for ...Nf3+.} 28. Nf4 $2 {[#]} (28. Nh4 $11 {and White stays safe.}) 28... h4 $1 {[%mdl 512]} 29. Bxe4 (29. gxh4 Nf3+) 29... fxe4 ({And not} 29... Nxe4 30. Kg2 $11) 30. Qa7 $2 (30. Qc2) 30... Qxa7 $19 31. Rxa7 Rb1 32. Ne2 $2 (32. gxh4 Nh3+ 33. Nxh3 gxh3 34. Ra8 Rxc1+ 35. Kf2) 32... Nf3+ 33. Kf2 {[#]} h3 $1 34. Re7 $2 (34. Ra8 Kf8 35. Ra2) 34... Bf7 35. Rc7 Nxh2 36. Rxc6 {[#]} Nf3 $2 (36... Rb3 $1 $19 {And now ...Nf3 would win.} 37. Rc8+ Kg7) 37. Rb6 $15 Ne1 $2 {[%mdl 8192]} (37... h2 $15 38. Kg2 Ra1) 38. Kg1 $2 (38. Rxb1 $18 {and the rest is easy.} h2 39. Rb8+ Kg7 40. Kxe1 h1=Q+ 41. Kd2) 38... Nf3+ $16 39. Kf2 $2 ({White has to play} 39. Kh1 $16 Nd2 40. Rxb1 Nxb1 41. c6) 39... Ne1 $2 {[%mdl 8192]} (39... Ra1 $15 40. c6 h2) 40. Kg1 $2 {Precision: White = 27%, Black = 44%.} (40. Rxb1 $18 h2 41. Rb8+ Kg7 42. Kxe1 h1=Q+ 43. Kd2) 1/2-1/2

[Event "WGM Cvijet Mediterana 2019"]
[Site "Rijeka"]
[Date "2019.03.03"]
[Round "2.3"]
[White "Tomilova, Elena"]
[Black "Miladinovic, Lena"]
[Result "1-0"]
[WhiteElo "2300"]
[BlackElo "2140"]
[Annotator "TA"]
[PlyCount "75"]
[EventDate "2019.03.03"]
[EventType "tourn"]
[EventCountry "CRO"]
[SourceTitle "playchess.com"]
[Source "ChessBase"]
[SourceQuality "1"]

{[%evp 17,75,24,61,51,45,44,62,60,134,129,129,129,129,124,128,124,164,158,187,183,174,169,178,181,177,56,55,30,166,170,158,160,229,227,252,102,479,232,204,184,310,318,566,371,1260,1235,2105,2157,29994,29967,29966,29943,5389,1918,1853,1840,1771,1728,1573,1543]} 1. e4 c5 2. Nf3 e6 3. d4 cxd4 4. Nxd4 Nc6 5. Nc3 Qc7 6. Be3 a6 7. a3 Nf6 8. f4 d6 9. Qf3 Bd7 {LiveBook: 13 Games. B82: Sicilian Scheveningen: 6 f4} (9... Be7 10. Nxc6 bxc6 11. g4 Rb8 12. g5 Nd7 13. b3 d5 14. Bg2 h6 15. h4 hxg5 16. hxg5 Rxh1+ 17. Bxh1 Qa5 {1-0 (42) Sjugirov,S (2663)-Morozevich,A (2656) Khanty-Mansiysk 2018}) 10. Be2 Nxd4 $146 ({Predecessor:} 10... Be7 11. O-O-O Rc8 12. f5 Nxd4 13. Rxd4 O-O 14. Kb1 Qa5 15. g4 Rxc3 16. bxc3 d5 17. exd5 Nxd5 18. Rxd5 exd5 {0-1 (45) Gusain,H (2450)-Koustav,C (2288) New Delhi 2018}) 11. Bxd4 Bc6 {White is slightly better.} 12. O-O-O Rc8 (12... e5 $14) 13. Bxf6 $1 $16 gxf6 14. f5 Qa5 15. Qh5 {fxe6 is the strong threat.} Ke7 16. Kb1 Qc5 17. Rd2 Be8 18. Rhd1 Kd8 19. Qh3 Qe5 20. Bg4 {[%cal Rf5e6]} Bd7 21. fxe6 (21. Bh5 $1 $18) 21... fxe6 $14 22. Ne2 {[%cal Bc3e2,Be2d4,Bd4f3][%mdl 32] Threatens to win with Nd4.} Kc7 (22... h5 $1 $11 {and Black has nothing to worry.}) 23. Nd4 $36 {[%mdl 2048] White has strong initiative.} Re8 24. Bh5 Re7 (24... Rc8 $16 25. Bf7 Kb8) 25. Nf3 Qc5 26. Rd3 (26. Rxd6 $18 {aiming for Qh4.} Ba4 27. b3) 26... Qb6 $2 {[%mdl 8192]} (26... Kb8 $16 {is a better chance.}) 27. Rb3 (27. Rxd6 $142 Qxd6 28. Rxd6 Kxd6 {[#]} 29. e5+ $1 {[%mdl 512]} fxe5 30. Nxe5 $1 {[%mdl 512]}) 27... Qa5 28. Rc3+ Bc6 (28... Kb8 $142 29. Rxd6 Rg8) 29. Nd4 Qe5 $2 (29... Bg7 30. Qd3 (30. Nxe6+ Kb8 $18) 30... Rd8) 30. Bg4 Kb6 $2 (30... Kd7 31. Qd3 Rg8) 31. Qe3 Qxe4 {[#]} 32. Rxc6+ $1 {[%mdl 512]} Qxc6 (32... bxc6 33. Qxe4) 33. Nxc6+ Kxc6 34. Qc3+ Kd7 35. Qxf6 {White is clearly winning.} Rg8 {[#]} 36. Bxe6+ $1 Rxe6 37. Qf7+ Be7 38. Qxg8 {Precision: White = 54%, Black = 23%.} 1-0

[Event "WGM Cvijet Mediterana 2019"]
[Site "Rijeka"]
[Date "2019.03.03"]
[Round "2.4"]
[White "Babiy, Olga"]
[Black "Vujnovic, Patricija"]
[Result "1-0"]
[WhiteElo "2305"]
[BlackElo "2056"]
[Annotator "NA RC"]
[PlyCount "97"]
[EventDate "2019.03.03"]
[EventType "tourn"]
[EventCountry "CRO"]
[SourceTitle "playchess.com"]
[Source "ChessBase"]
[SourceQuality "1"]
[TimeControl "5400+30"]

1. e4 {[%emt 0:00:30]} c6 {[%emt 0:00:30]} 2. Nc3 {[%emt 0:00:00]} d5 {[%emt 0:00:00]} 3. Nf3 {[%emt 0:00:00]} dxe4 {[%emt 0:00:00]} 4. Nxe4 {[%emt 0:00:30]} Nf6 {[%emt 0:00:30]} 5. Qe2 {[%emt 0:00:00]} Nxe4 {[%emt 0:00:30]} 6. Qxe4 {[%emt 0:00:00]} Qd5 {[%emt 0:00:30] B11: Caro-Kann: Two Knights Variation} 7. Qf4 {[%emt 0:00:00]} Qf5 {[%emt 0:04:30]} 8. Qe3 {[%emt 0:00:00]} Qe6 {[%emt 0:07:30]} 9. b3 {[%emt 0:00:30]} Qxe3+ {[%emt 0:01:30]} 10. fxe3 {[%emt 0:00:00]} Bg4 {[%emt 0:03:30]} 11. Be2 {[%emt 0:01:00]} Nd7 {[%emt 0:01:30]} 12. Bb2 {[%emt 0:00:00]} e6 {[%emt 0:11:30]} 13. O-O-O $146 {[%emt 0:02:00]} ({Predecessor:} 13. h3 Bxf3 14. Bxf3 {1-0 (32) Stevic,H (2607)-Krstic,U (2420) Mali Losinj 2016}) 13... Nf6 {[%emt 0:09:30]} 14. h3 {[%emt 0:03:30]} Bxf3 {[%emt 0:03:30]} 15. Bxf3 {[%emt 0:00:30]} Be7 {[%emt 0:02:30]} 16. g4 {[%emt 0:01:30]} O-O {[%emt 0:00:30]} 17. Rdf1 {[%emt 0:07:30]} Nd7 {[%emt 0:02:30]} 18. h4 {[%emt 0:05:30]} a5 {[%emt 0:01:30]} 19. a3 {[%emt 0:09:30]} Rac8 {[%emt 0:04:30]} 20. g5 {[%emt 0:04:30]} a4 {[%emt 0:06:30]} 21. b4 {[%emt 0:02:30]} b5 {[%emt 0:02:30]} 22. Be2 {[%emt 0:02:30]} Nb6 {[%emt 0:00:30]} 23. g6 {[%emt 0:18:30]} f5 {[%emt 0:11:30]} 24. gxh7+ {[%emt 0:06:30]} Kxh7 {[%emt 0:00:30]} 25. e4 {[%emt 0:00:30]} Nc4 {[%emt 0:00:30]} 26. exf5 {[%emt 0:02:30]} Nxb2 {[%emt 0:01:30]} 27. Kxb2 {[%emt 0:00:30]} exf5 {[%emt 0:02:30]} 28. Bd3 {[%emt 0:00:00]} Rcd8 {[%emt 0:02:09]} 29. Bxf5+ {[%emt 0:09:00]} g6 {[%emt 0:04:34]} ({Black should try} 29... Kh6 $14) 30. Be4 {[%emt 0:03:30]} Rxf1 {[%emt 0:01:13]} 31. Rxf1 {[%emt 0:00:00]} Kg7 {[%emt 0:00:56]} 32. Bxc6 {[%emt 0:05:55]} Bxh4 {[%emt 0:04:33]} 33. Bxb5 {[%emt 0:00:34]} Rxd2 {[%emt 0:00:09]} 34. Bxa4 {[%emt 0:00:13]} Bf6+ {[%emt 0:00:33]} 35. Kb3 {[%emt 0:00:28]} Re2 {[%emt 0:00:43]} 36. Bb5 {[%emt 0:01:15]} Re3+ {[%emt 0:00:20]} 37. Bd3 {[%emt 0:00:05]} g5 {[%emt 0:00:25]} 38. Rg1 {[%emt 0:00:12]} Bd8 {[%emt 0:02:15]} 39. a4 {[%emt 0:00:43]} Kf6 {[%emt 0:00:40]} 40. a5 {[%emt 0:00:10]} Ke5 {[%emt 0:03:26]} 41. a6 {[%emt 0:00:38]} Bb6 {[%emt 0:02:07]} 42. Rxg5+ {[%emt 0:00:09]} Kd6 {[%emt 0:01:39]} 43. Kc4 {[%emt 0:00:11]} Re7 {[%emt 0:00:28]} 44. Kb5 {[%emt 0:00:59]} Ba7 {[%emt 0:00:35]} 45. c4 {[%emt 0:00:37]} Kc7 {[%emt 0:00:26]} 46. c5 {[%emt 0:02:06]} Rd7 {[%emt 0:00:15]} 47. Bc2 {[%emt 0:00:30]} Re7 {[%emt 0:00:32]} 48. Rg8 {[%emt 0:00:13]} Bb8 {[%emt 0:00:25]} 49. Bf5 {[%emt 0:00:27]} 1-0